| 000 | 00586nam a2200193Ia 4500 | ||
|---|---|---|---|
| 003 | GCL | ||
| 008 | 140319s9999 xx 000 0 ara d | ||
| 040 |
_aGCL / _cGCL |
||
| 082 | 0 | 4 |
_a240 _bا ع |
| 100 | 1 | _aابراهيم بدوى | |
| 245 | 1 | 0 |
_aعلم الكلام الجديد - نشاته وتطوره / _cابراهيم بدوى |
| 250 | _aالاولى | ||
| 260 |
_aبيروت : _bدار العلم ، _c2002 |
||
| 300 |
_a190 ص ؛ _c20 سم |
||
| 650 | 0 | 4 | _aالالوهية |
| 650 | 0 | 4 | _aعلم الكلام |
| 650 | 0 | 4 | _aعلم الكلام - مذاهب |
| 942 |
_2ddc _cBK |
||
| 999 |
_c5569 _d5569 |
||